000 00648nam a2200253Ia 4500
003 OSt
005 20221007074925.0
006 a|||||r|||| 00| 0
007 ta
008 221006b |||||||| |||| 00| 0 eng d
020 _cRs.260/-
024 _a9,829
037 _cReference Collections
040 _aFLL
_cFLL
_beng
041 _2eng
_aeng
082 _aZ(Q2), M6
100 _aMayne's Au.
_9693311
245 0 _aHindu law and usage
250 _a12th
260 _aNew Delhi
_bBharat law house
_c1986
300 _a1213p
_ccm.
942 _hZ(Q2), M6
_cREF
_2CC
999 _c1154170
_d1154170